000 00547nam a22001817a 4500
005 20170517114516.0
010 _aENG-118194
020 _a9789384275259
_c995.00
035 _aEN-101726
037 _bDBAD/PUB
082 _a305.4209545
100 _aS.P.(K) Vennela Rau
245 _aWomen and north east india/
_cby S.P.(K) Vennela Rau
260 _aIndia
_bNE BOOKS AND PUBLISHERS
_c2017
270 _aNational Highway Silchar- 788005 Assam, India
300 _a210p.
_c23cm. (Hb)
942 _2ddc
_cEN
_h305.4209545
_mRAU
999 _c139997
_d139997